MARC

LEADER 00000nam0a2200000 4500
001 112847
005 20231031121611.0
010 |a 5020066486 
020 |a RU  |b 90-62337 
035 |a (RuTPU)RU\TPU\book\122018 
090 |a 112847 
100 |a 20070403d1990 k a0rusy5003 ca 
101 0 |a rus 
102 |a RU 
105 |a a z 001zy 
200 1 |a Многосвязные системы управления  |f М. В. Мееров [и др.]  |g Академия наук СССР (АН СССР), Институт проблем управления им. В. А. Трапезникова (ИПУ); М. В. Меерова 
210 |a Москва  |c Наука  |d 1990 
215 |a 263,[1] с.  |c ил.  |d 22 см 
320 |a Литература: с. с. 257-262 
610 1 |a многосвязные системы 
610 1 |a управление 
610 1 |a методы синтеза 
610 1 |a построение 
610 1 |a численные модели 
610 1 |a линейные объекты 
610 1 |a методы оптимизации 
610 1 |a математическое программирование 
610 1 |a алгоритмы 
610 1 |a производственные системы 
610 1 |a транспортные системы 
610 1 |a нефтяные месторождения 
675 |a 681.51  |z rus 
701 1 |a Мееров  |b М. В.  |g Михаил Владимирович 
701 1 |a Берщанский  |b Я. М.  |g Яков Миронович 
701 1 |a Кулибанов  |b В. Н.  |g Владимир Николаевич 
701 1 |a Левит  |b М. Ю.  |g Марк Юльевич 
701 1 |a Першин  |b О. Ю.  |g Олег Юрьевич 
701 1 |a Ахметзянов  |b А. В.  |g Атлас Валиевич 
702 1 |a Мееров  |b М. В.  |g Михаил Владимирович  |4 070 
712 0 2 |a Академия наук СССР (АН СССР)  |b Институт проблем управления им. В. А. Трапезникова (ИПУ)  |c (Москва)  |2 stltpush  |3 (RuTPU)RU\TPU\col\6782 
801 0 |a RU  |b RuMRKP  |c 19960705  |g psbo 
801 1 |a RU  |b 63413507  |c 20070403  |g PSBO 
801 2 |a RU  |b 63413507  |c 20081003  |g PSBO 
942 |c BK